See you at the top

Bibliographic Details
Main Author: Ziglar, Zig
Format: Book
Published: Petaling Jaya : Advamtage Quest Publications , 2001
Subjects:

MARC

LEADER 00000cam a2200000 7i4500
001 0000009732
005 20050616.0
020 |a 9832349087 
040 |a INS 
090 0 0 |a BJ15812.   |b Z53 2001 
100 1 |a Ziglar, Zig 
245 1 0 |a See you at the top   |c Zig Ziglar 
260 |a Petaling Jaya :   |b Advamtage Quest Publications ,   |c 2001 
300 |a 382p ;   |c 23cm. 
650 0 0 |a Executive ability 
650 0 0 |a Self-culture 
650 0 0 |a Success 
999 |a 0000008310   |b BOOK   |c Open Shelf   |e Default branch